| 000 | 01284nam a2200313Ia 4500 | ||
|---|---|---|---|
| 001 | ebr10269149 | ||
| 003 | CaPaEBR | ||
| 006 | m u | ||
| 007 | cr cn||||||||| | ||
| 008 | 000106s2000 nyu sb 001 0 eng d | ||
| 010 | _z 00021072 | ||
| 020 | _z9780195135640 | ||
| 020 | _z0195135644 (alk. paper) | ||
| 040 |
_aCaPaEBR _cCaPaEBR |
||
| 035 | _a(OCoLC)646787678 | ||
| 050 | 1 | 4 |
_aBR67.2 _b.H35 2000eb |
| 100 | 1 | _aHaines-Eitzen, Kim. | |
| 245 | 1 | 0 |
_aGuardians of letters _h[electronic resource] : _bliteracy, power, and the transmitters of early Christian literature / _cKim Haines-Eitzen. |
| 260 |
_aNew York : _bOxford University Press, _c2000. |
||
| 300 | _ax, 212 p. | ||
| 504 | _aIncludes bibliographical references (p. [187]-210) and index. | ||
| 533 |
_aElectronic reproduction. _bPalo Alto, Calif. : _cebrary, _d2009. _nAvailable via World Wide Web. _nAccess may be limited to ebrary affiliated libraries. |
||
| 650 | 0 |
_aChristian literature, Early _zRome _xHistory and criticism. |
|
| 650 | 0 |
_aTransmission of texts _zRome. |
|
| 650 | 0 |
_aScribes _zRome. |
|
| 655 | 7 |
_aElectronic books. _2local |
|
| 710 | 2 | _aebrary, Inc. | |
| 856 | 4 | 0 |
_uhttp://site.ebrary.com/lib/rucke/Doc?id=10269149 _zAn electronic book accessible through the World Wide Web; click to view |
| 999 |
_c8905 _d8905 |
||